Welcome to CU Library Online Public Access Catalogue (OPAC)

Techniques and principles in language teaching / (Record no. 1972)

MARC details
000 -LEADER
fixed length control field 00737cam a2200229 a 4500
001 - CONTROL NUMBER
control field 16771871
005 - DATE AND TIME OF LATEST TRANSACTION
control field 20241205120126.0
008 - FIXED-LENGTH DATA ELEMENTS--GENERAL INFORMATION
fixed length control field 110510s2011 enka 000 0 eng
020 ## - INTERNATIONAL STANDARD BOOK NUMBER
International Standard Book Number 9780194423601 (pbk.)
020 ## - INTERNATIONAL STANDARD BOOK NUMBER
International Standard Book Number 0194423603 (pbk.)
050 00 - LIBRARY OF CONGRESS CALL NUMBER
Classification number PE1128.A2
Item number L35 2011
082 00 - DEWEY DECIMAL CLASSIFICATION NUMBER
Classification number 428/.0071
Edition information 23
100 1# - MAIN ENTRY--PERSONAL NAME
Personal name Larsen-Freeman, Diane
245 10 - TITLE STATEMENT
Title Techniques and principles in language teaching /
Statement of responsibility, etc. Diane Larsen-Freeman, Marti Anderson
250 ## - EDITION STATEMENT
Edition statement 3rd ed.
260 ## - PUBLICATION, DISTRIBUTION, ETC.
Place of publication, distribution, etc. Oxford ; New York :
Name of publisher, distributor, etc. Oxford University Press,
Date of publication, distribution, etc. 2011.
300 ## - PHYSICAL DESCRIPTION
Extent xix, 252 p. :
Other physical details ill. ;
Dimensions 25 cm.
500 ## - GENERAL NOTE
General note INCLUDING INDEX
650 #0 - SUBJECT ADDED ENTRY--TOPICAL TERM
Topical term or geographic name entry element English language
General subdivision Study and teaching
-- Foreign speakers
700 1# - ADDED ENTRY--PERSONAL NAME
Personal name Anderson, Marti.
942 ## - ADDED ENTRY ELEMENTS (KOHA)
Source of classification or shelving scheme Library of Congress Classification
Koha item type Books
Suppress in OPAC No
999 ## -
-- 1972
-- 1972
Holdings
Withdrawn status Lost status Source of classification or shelving scheme Damaged status Not for loan Collection Home library Current library Shelving location Date acquired Total checkouts Full call number Barcode Date last seen Copy number Price effective from Koha item type
    Library of Congress Classification     Non-fiction Business Library (Miotso) Business Library (Miotso) General stacks 03/27/2026   PE1128 .A2L35 LAR BSSM00003123 03/28/2026 3 03/27/2026 Books
    Library of Congress Classification     Non-fiction Business Library (Miotso) Business Library (Miotso) General stacks 03/27/2026   PE1128 .A2L35 LAR BSSM00003124 03/28/2026 4 03/27/2026 Books
    Library of Congress Classification     Non-fiction Business Library (Miotso) Business Library (Miotso) General stacks 03/27/2026   PE1128 .A2L35 LAR BSSM00003125 03/28/2026 5 03/27/2026 Books
    Library of Congress Classification     Non-fiction Business Library (Miotso) Business Library (Miotso) General stacks 03/27/2026   PE1128 .A2L35 LAR BSSM00003126 03/28/2026 6 03/27/2026 Books
    Library of Congress Classification     Non-fiction Undergraduate Library (Christ Temple) Undergraduate Library (Christ Temple) General stacks 12/05/2024   PE1128.A2L35 LAR ulct00000523 12/05/2024 1 12/05/2024 Books
    Library of Congress Classification     Non-fiction Undergraduate Library (Christ Temple) Undergraduate Library (Christ Temple) General stacks 12/05/2024   PE1128.A2L35 LAR ulct00000524 12/05/2024 2 12/05/2024 Books
© 2023-2024 Copyright: Central University Libraries. All Rights Reserved | Created by: Mahone Tech Office